[Event "DVM U10 2016"]
[Site "Magdeburg GER"]
[Date "2016.12.27"]
[Round "1"]
[White "Gohel, Fabian Franz"]
[Black "Gutewort, Paul Emil"]
[Result "0-1"]
[Termination "normal"]
[Board "1.1"]
[WhiteElo "882"]
[BlackElo "1506"]
[WhiteTeam "SF Nordost Berlin 2"]
[BlackTeam "SF Nordost Berlin 1"]
[PlyCount "52"]
[BlackFideId "16204182"]
[EventCountry "GER"]
[EventRounds "7"]
[EventType "team-swiss"]
[EventDate "2016.12.27"]

1. d4 d5 2. Bf4 Nf6 3. e3 Bf5 4. Nc3 e6 5. Be2 Bb4 6. Nf3 Ne4 7. O-O Nxc3 8.
bxc3 Bxc3 9. Rb1 Ba5 10. Bd3 Bxd3 11. Qxd3 Bb6 12. Rfe1 Nd7 13. c4 dxc4 14.
Qxc4 O-O 15. e4 Qe7 16. Bxc7 Rac8 17. Bd6 Qxd6 18. Qd3 Rfd8 19. e5 Qe7 20. d5
Nc5 21. Qa3 Rxd5 22. h3 Rd7 23. Red1 Rcd8 24. Rxd7 Rxd7 25. g4 Nd3 26. Rd1 Qxa3
0-1

[Event "DVM U10 2016"]
[Site "Magdeburg GER"]
[Date "2016.12.27"]
[Round "1"]
[White "Duduka, Artem"]
[Black "Möbis, Lucas"]
[Result "1-0"]
[Termination "normal"]
[Board "1.2"]
[WhiteElo "1435"]
[BlackElo "600"]
[WhiteClock "00:52:27"]
[BlackClock "00:52:17"]
[WhiteTeam "SF Nordost Berlin 1"]
[BlackTeam "SF Nordost Berlin 2"]
[PlyCount "43"]
[WhiteFideId "14194805"]
[BlackFideId "16255046"]
[EventCountry "GER"]
[EventRounds "7"]
[EventType "team-swiss"]
[EventDate "2016.12.27"]

1. e4 e5 {[%clk 0:59:49]} 2. Nf3 Nc6 3. d4 d6 {[%clk 0:59:22]} 4. dxe5 {[%clk
0:59:50]} Nxe5 {[%clk 0:59:00]} 5. Nxe5 {[%clk 0:59:46]} dxe5 {[%clk 0:58:47]}
6. Qxd8+ {[%clk 0:59:40]} Kxd8 {[%clk 0:58:30]} 7. Bc4 {[%clk 0:59:30]} f5
{[%clk 0:58:03]} 8. Nc3 {[%clk 0:59:18]} Nf6 {[%clk 0:57:40]} 9. Bg5 {[%clk
0:59:16]} Be7 10. O-O-O+ Ke8 {[%clk 0:56:43]} 11. Bxf6 {[%clk 0:59:00]} Bxf6
{[%clk 0:56:26]} 12. Nd5 {[%clk 0:58:53]} Bd8 {[%clk 0:55:48]} 13. exf5 {[%clk
0:58:39]} Bxf5 {[%clk 0:55:31]} 14. Rhe1 {[%clk 0:58:36]} e4 {[%clk 0:54:43]}
15. g4 {[%clk 0:57:23]} Bg6 {[%clk 0:53:57]} 16. f4 {[%clk 0:57:07]} h6 17. f5
Bh7 {[%clk 0:53:19]} 18. Rxe4+ {[%clk 0:56:56]} Kf8 {[%clk 0:52:43]} 19. Nxc7
{[%clk 0:53:08]} Bxc7 {[%clk 0:52:17]} 20. Rd7 {[%clk 0:52:27]} Bxh2 21. Rf7+
Kg8 22. Rf6# 1-0

[Event "DVM U10 2016"]
[Site "Magdeburg GER"]
[Date "2016.12.27"]
[Round "1"]
[White "Geiser, Lennard"]
[Black "Reichmann, Felix"]
[Result "0-1"]
[Termination "normal"]
[Board "1.3"]
[WhiteElo "600"]
[BlackElo "1450"]
[WhiteClock "00:48:57"]
[BlackClock "00:53:36"]
[WhiteTeam "SF Nordost Berlin 2"]
[BlackTeam "SF Nordost Berlin 1"]
[PlyCount "50"]
[BlackFideId "16238290"]
[EventCountry "GER"]
[EventRounds "7"]
[EventType "team-swiss"]
[EventDate "2016.12.27"]

1. e4 {[%clk 0:59:58]} c5 {[%clk 0:59:55]} 2. Nf3 {[%clk 0:59:38]} g6 {[%clk
0:59:46]} 3. Nc3 {[%clk 0:59:24]} Bg7 {[%clk 0:59:38]} 4. Bc4 {[%clk 0:59:03]}
Nc6 {[%clk 0:59:29]} 5. d3 {[%clk 0:58:53]} e6 {[%clk 0:59:22]} 6. Bg5 {[%clk
0:58:43]} f6 {[%clk 0:59:04]} 7. O-O {[%clk 0:58:30]} fxg5 {[%clk 0:59:02]} 8.
h3 {[%clk 0:57:30]} h6 {[%clk 0:58:44]} 9. Bb5 {[%clk 0:56:54]} Nd4 {[%clk
0:58:10]} 10. Ne5 {[%clk 0:56:02]} Bxe5 {[%clk 0:58:01]} 11. Qc1 {[%clk
0:55:14]} Nxb5 {[%clk 0:57:46]} 12. Nxb5 {[%clk 0:54:51]} Ne7 {[%clk 0:57:33]}
13. a4 {[%clk 0:54:07]} O-O {[%clk 0:57:18]} 14. Kh1 {[%clk 0:54:01]} d5 {[%clk
0:56:50]} 15. exd5 {[%clk 0:53:34]} exd5 {[%clk 0:56:43]} 16. Qe3 {[%clk
0:53:00]} Bxb2 {[%clk 0:56:04]} 17. Ra2 {[%clk 0:52:49]} Bg7 {[%clk 0:55:37]}
18. Qxc5 {[%clk 0:52:28]} b6 {[%clk 0:55:15]} 19. Qd6 {[%clk 0:51:53]} Qxd6
{[%clk 0:55:03]} 20. Nxd6 {[%clk 0:51:41]} Be5 {[%clk 0:54:32]} 21. Nxc8 {[%clk
0:51:27]} Raxc8 {[%clk 0:54:14]} 22. Re1 {[%clk 0:50:43]} Bd6 {[%clk 0:54:00]}
23. Rc1 {[%clk 0:49:47]} Rxf2 {[%clk 0:53:47]} 24. c4 {[%clk 0:49:18]} Rxa2
{[%clk 0:53:36]} 25. cxd5 {[%clk 0:48:57]} Rxc1# 0-1

[Event "DVM U10 2016"]
[Site "Magdeburg GER"]
[Date "2016.12.27"]
[Round "1"]
[White "Beck, Felix"]
[Black "Dörr, Georg"]
[Result "1-0"]
[Termination "normal"]
[Board "1.4"]
[WhiteElo "1254"]
[BlackElo "600"]
[WhiteClock "00:41:22"]
[BlackClock "00:43:23"]
[WhiteTeam "SF Nordost Berlin 1"]
[BlackTeam "SF Nordost Berlin 2"]
[PlyCount "87"]
[WhiteFideId "16255364"]
[EventCountry "GER"]
[EventRounds "7"]
[EventType "team-swiss"]
[EventDate "2016.12.27"]

1. c4 {[%clk 0:59:58]} e5 {[%clk 0:59:57]} 2. g3 {[%clk 0:59:52]} d5 {[%clk
0:59:36]} 3. cxd5 {[%clk 0:59:13]} Qxd5 {[%clk 0:59:20]} 4. Nf3 Bg4 {[%clk
0:58:58]} 5. Qa4+ {[%clk 0:57:44]} Nc6 {[%clk 0:58:33]} 6. Qxg4 {[%clk
0:57:35]} Nf6 {[%clk 0:58:14]} 7. Qa4 {[%clk 0:56:33]} Qa5 {[%clk 0:57:49]} 8.
Qxa5 {[%clk 0:56:24]} Nxa5 {[%clk 0:57:35]} 9. Nxe5 {[%clk 0:56:12]} Bd6 {[%clk
0:56:53]} 10. Nf3 {[%clk 0:55:57]} Ne4 {[%clk 0:56:25]} 11. Nc3 {[%clk
0:55:30]} Nxc3 {[%clk 0:56:04]} 12. bxc3 {[%clk 0:55:17]} Rd8 {[%clk 0:55:50]}
13. Bg2 {[%clk 0:54:49]} c6 {[%clk 0:55:33]} 14. d3 {[%clk 0:53:49]} Rd7 {[%clk
0:54:50]} 15. O-O {[%clk 0:53:21]} Re7 {[%clk 0:54:24]} 16. e4 Be5 17. d4
{[%clk 0:52:19]} Bd6 {[%clk 0:53:35]} 18. Re1 {[%clk 0:49:50]} Nc4 {[%clk
0:53:05]} 19. Nd2 {[%clk 0:49:05]} Nxd2 {[%clk 0:52:28]} 20. Bxd2 {[%clk
0:48:59]} Ba3 {[%clk 0:52:04]} 21. Rab1 {[%clk 0:48:14]} b6 {[%clk 0:51:43]}
22. e5 {[%clk 0:47:37]} f6 {[%clk 0:51:25]} 23. Rb3 {[%clk 0:47:17]} fxe5
{[%clk 0:50:43]} 24. Rxa3 {[%clk 0:47:07]} exd4 {[%clk 0:50:23]} 25. Rxe7+
{[%clk 0:46:58]} Kxe7 {[%clk 0:50:01]} 26. cxd4 {[%clk 0:46:50]} Ra8 {[%clk
0:49:38]} 27. Bxc6 {[%clk 0:46:39]} Rc8 {[%clk 0:49:26]} 28. Rxa7+ {[%clk
0:46:17]} Kd6 {[%clk 0:48:53]} 29. Be4 {[%clk 0:45:34]} Rc2 {[%clk 0:48:30]}
30. Bxc2 {[%clk 0:45:24]} Kd5 {[%clk 0:48:07]} 31. Rxg7 {[%clk 0:45:06]} Kxd4
{[%clk 0:47:40]} 32. Rxh7 {[%clk 0:44:52]} Kc4 {[%clk 0:47:10]} 33. Rh4+ Kc5
{[%clk 0:46:52]} 34. Kg2 {[%clk 0:44:22]} b5 {[%clk 0:46:32]} 35. Kf3 {[%clk
0:44:05]} Kb6 {[%clk 0:46:15]} 36. Rh5 {[%clk 0:43:40]} Kc6 {[%clk 0:45:53]}
37. Ke4 {[%clk 0:43:23]} Kb6 {[%clk 0:45:34]} 38. Bd3 {[%clk 0:42:54]} Ka6
{[%clk 0:44:53]} 39. Rxb5 {[%clk 0:42:38]} Ka7 {[%clk 0:44:33]} 40. Rb3 {[%clk
0:41:52]} Ka8 {[%clk 0:44:15]} 41. Kd5 {[%clk 0:41:43]} Ka7 {[%clk 0:43:57]}
42. Kc6 {[%clk 0:41:35]} Ka8 {[%clk 0:43:38]} 43. Kc7 {[%clk 0:41:28]} Ka7
{[%clk 0:43:23]} 44. Ra3# {[%clk 0:41:22]} 1-0

[Event "DVM U10 2016"]
[Site "Magdeburg GER"]
[Date "2016.12.27"]
[Round "1"]
[White "Müller, Linus"]
[Black "Huo, Da"]
[Result "0-1"]
[Termination "normal"]
[Board "2.1"]
[WhiteElo "1156"]
[BlackElo "1707"]
[WhiteTeam "Hamburger SK 2"]
[BlackTeam "Hamburger SK 1"]
[PlyCount "62"]
[WhiteFideId "16245946"]
[BlackFideId "16221206"]
[EventCountry "GER"]
[EventRounds "7"]
[EventType "team-swiss"]
[EventDate "2016.12.27"]

1. e4 c5 2. Nf3 e6 3. Nc3 a6 4. d3 b5 5. Be3 Bb7 6. Qd2 d5 7. exd5 exd5 8. Qe2
Qe7 9. Bg5 Qxe2+ 10. Bxe2 Be7 11. O-O-O Nf6 12. h3 d4 13. Bxf6 Bxf6 14. Ne4 Nd7
15. Nxf6+ Nxf6 16. Rhe1 O-O 17. g3 Bd5 18. Kb1 a5 19. Ng5 Rfe8 20. Bf3 Bxf3 21.
Nxf3 Rad8 22. Ne5 Rc8 23. g4 h6 24. Nf3 Nd5 25. Nd2 a4 26. Ne4 a3 27. Nd6 Rxe1
28. Rxe1 Rc6 29. Nxb5 axb2 30. Na3 Rb6 31. Nc4 Nc3# 0-1

[Event "DVM U10 2016"]
[Site "Magdeburg GER"]
[Date "2016.12.27"]
[Round "1"]
[White "Fuhrmann, Bahne"]
[Black "Dorendorf, Mika"]
[Result "1-0"]
[Termination "normal"]
[Board "2.2"]
[WhiteElo "1276"]
[BlackElo "906"]
[WhiteClock "00:28:45"]
[BlackClock "00:36:39"]
[WhiteTeam "Hamburger SK 1"]
[BlackTeam "Hamburger SK 2"]
[PlyCount "69"]
[WhiteFideId "16244842"]
[BlackFideId "16283066"]
[EventCountry "GER"]
[EventRounds "7"]
[EventType "team-swiss"]
[EventDate "2016.12.27"]

1. d4 {[%clk 0:59:57]} d5 {[%clk 0:59:55]} 2. Bf4 {[%clk 0:59:43]} Nf6 {[%clk
0:59:39]} 3. e3 {[%clk 0:58:43]} a6 {[%clk 0:59:24]} 4. Nc3 {[%clk 0:58:22]} g6
{[%clk 0:59:06]} 5. Bd3 {[%clk 0:57:40]} Bg7 {[%clk 0:58:38]} 6. Nge2 {[%clk
0:57:27]} Nc6 {[%clk 0:58:17]} 7. a3 {[%clk 0:56:59]} Nh5 {[%clk 0:58:05]} 8.
O-O {[%clk 0:54:12]} Nxf4 {[%clk 0:57:41]} 9. Nxf4 {[%clk 0:53:53]} e5 {[%clk
0:57:25]} 10. Nfxd5 {[%clk 0:52:30]} exd4 {[%clk 0:56:57]} 11. exd4 {[%clk
0:52:14]} Bxd4 {[%clk 0:56:33]} 12. Qf3 {[%clk 0:50:37]} O-O {[%clk 0:55:40]}
13. Rfe1 {[%clk 0:48:32]} Be6 {[%clk 0:55:17]} 14. Rad1 {[%clk 0:46:16]} Bxc3
15. Nxc3 {[%clk 0:45:51]} Qd7 {[%clk 0:54:29]} 16. Ne4 {[%clk 0:45:14]} Qd4
{[%clk 0:51:51]} 17. c3 {[%clk 0:44:07]} Qb6 {[%clk 0:51:04]} 18. Rd2 {[%clk
0:41:45]} f5 {[%clk 0:50:35]} 19. Ng5 {[%clk 0:40:30]} Nd8 {[%clk 0:49:56]} 20.
Qe3 {[%clk 0:39:14]} Qxe3 {[%clk 0:49:35]} 21. Rxe3 {[%clk 0:39:00]} Re8 {[%clk
0:48:57]} 22. Rde2 {[%clk 0:37:33]} f4 {[%clk 0:47:24]} 23. Re4 {[%clk
0:36:47]} Nc6 {[%clk 0:45:47]} 24. Rxe6 {[%clk 0:35:59]} Red8 {[%clk 0:45:04]}
25. Bc4 {[%clk 0:35:23]} Kg7 {[%clk 0:43:19]} 26. h3 {[%clk 0:34:16]} Kh6
{[%clk 0:42:07]} 27. Nf7+ {[%clk 0:34:03]} Kg7 {[%clk 0:41:14]} 28. Nxd8 {[%clk
0:33:54]} Nxd8 {[%clk 0:40:52]} 29. Re7+ {[%clk 0:33:04]} Kh6 {[%clk 0:39:49]}
30. Bg8 {[%clk 0:32:13]} Kg5 {[%clk 0:38:29]} 31. R2e5+ {[%clk 0:31:23]} Kf6
{[%clk 0:38:11]} 32. g4 {[%clk 0:30:44]} g5 {[%clk 0:37:24]} 33. h4 {[%clk
0:30:20]} h6 {[%clk 0:36:51]} 34. h5 {[%clk 0:28:45]} Nc6 {[%clk 0:36:39]} 35.
R5e6# 1-0

[Event "DVM U10 2016"]
[Site "Magdeburg GER"]
[Date "2016.12.27"]
[Round "1"]
[White "Kölmel, Lukas"]
[Black "Garner, Isaac"]
[Result "0-1"]
[Termination "normal"]
[Board "2.3"]
[WhiteElo "600"]
[BlackElo "1198"]
[WhiteTeam "Hamburger SK 2"]
[BlackTeam "Hamburger SK 1"]
[PlyCount "50"]
[BlackFideId "16239261"]
[EventCountry "GER"]
[EventRounds "7"]
[EventType "team-swiss"]
[EventDate "2016.12.27"]

1. e4 e5 2. Nf3 Nc6 3. Bc4 Nf6 4. Ng5 d5 5. exd5 b5 6. Nxf7 Kxf7 7. dxc6+ bxc4
8. Qe2 Qd5 9. O-O Bd6 10. d3 cxd3 11. Qxd3 Qxc6 12. Nc3 Ba6 13. Qd1 Bxf1 14.
Qxf1 Rhf8 15. Be3 Kg8 16. f3 Ng4 17. Re1 Nxe3 18. Rxe3 Bc5 19. Qc4+ Kh8 20. Kf1
Rf6 21. Rxe5 Rxf3+ 22. gxf3 Qxf3+ 23. Ke1 Bf2+ 24. Kd2 Rd8+ 25. Kc1 Qh1+ 0-1

[Event "DVM U10 2016"]
[Site "Magdeburg GER"]
[Date "2016.12.27"]
[Round "1"]
[White "Kort, Felix"]
[Black "Malchereck, Zion"]
[Result "1-0"]
[Termination "normal"]
[Board "2.4"]
[WhiteElo "1572"]
[BlackElo "924"]
[WhiteClock "00:10:42"]
[BlackClock "00:43:16"]
[WhiteTeam "Hamburger SK 1"]
[BlackTeam "Hamburger SK 2"]
[PlyCount "83"]
[WhiteFideId "16220129"]
[BlackFideId "16269233"]
[EventCountry "GER"]
[EventRounds "7"]
[EventType "team-swiss"]
[EventDate "2016.12.27"]

1. d4 {[%clk 0:59:56]} d5 {[%clk 0:59:50]} 2. c4 {[%clk 0:59:49]} dxc4 {[%clk
0:59:29]} 3. e4 {[%clk 0:59:38]} Nf6 {[%clk 0:58:55]} 4. Nc3 {[%clk 0:59:28]}
e6 {[%clk 0:58:36]} 5. Bxc4 {[%clk 0:59:19]} Nxe4 {[%clk 0:57:57]} 6. Nxe4
{[%clk 0:59:14]} Bb4+ {[%clk 0:56:56]} 7. Nc3 {[%clk 0:59:11]} Nc6 {[%clk
0:56:37]} 8. Nf3 {[%clk 0:58:37]} O-O {[%clk 0:56:23]} 9. O-O {[%clk 0:58:04]}
a6 {[%clk 0:55:30]} 10. Bf4 {[%clk 0:53:53]} b5 {[%clk 0:55:16]} 11. Bb3 {[%clk
0:53:29]} Bb7 {[%clk 0:55:02]} 12. Qd3 {[%clk 0:51:40]} Re8 {[%clk 0:53:43]}
13. Bc2 {[%clk 0:49:10]} Ne7 {[%clk 0:53:21]} 14. Qxh7+ {[%clk 0:46:48]} Kf8
{[%clk 0:52:57]} 15. Qh8+ {[%clk 0:46:07]} Ng8 {[%clk 0:52:06]} 16. Bh7 {[%clk
0:37:38]} Ke7 {[%clk 0:52:04]} 17. Qxg7 {[%clk 0:36:27]} Kd7 {[%clk 0:50:58]}
18. Ne5+ {[%clk 0:32:36]} Kc8 {[%clk 0:50:40]} 19. Qxf7 {[%clk 0:28:04]} Bd6
{[%clk 0:49:59]} 20. Bg5 {[%clk 0:24:04]} Be7 {[%clk 0:49:35]} 21. Qxe6+ {[%clk
0:22:00]} Kb8 {[%clk 0:49:04]} 22. Nf7 {[%clk 0:19:55]} Bxg5 {[%clk 0:48:59]}
23. Nxd8 {[%clk 0:19:28]} Rxe6 24. Nxe6 Be7 25. Bxg8 Ka7 {[%clk 0:48:21]} 26.
Bf7 {[%clk 0:18:13]} Bb4 {[%clk 0:47:56]} 27. Nxc7 {[%clk 0:18:01]} Rf8 {[%clk
0:47:42]} 28. Bb3 {[%clk 0:17:12]} Rf7 {[%clk 0:47:20]} 29. Bxf7 Bxc3 30. bxc3
{[%clk 0:17:04]} Kb8 {[%clk 0:47:18]} 31. Ne6 {[%clk 0:15:05]} Kc8 {[%clk
0:47:10]} 32. Nc5 {[%clk 0:14:46]} Kc7 {[%clk 0:46:19]} 33. Nxb7 {[%clk
0:14:02]} Kxb7 {[%clk 0:46:12]} 34. d5 {[%clk 0:14:02]} Kc7 {[%clk 0:46:10]}
35. Rad1 Kd6 {[%clk 0:45:50]} 36. Rfe1 {[%clk 0:13:31]} Kd7 {[%clk 0:45:36]}
37. d6 {[%clk 0:13:02]} Kc6 {[%clk 0:45:10]} 38. d7 {[%clk 0:12:25]} a5 {[%clk
0:44:47]} 39. d8=Q {[%clk 0:12:14]} b4 {[%clk 0:44:33]} 40. Qd5+ {[%clk
0:11:19]} Kc7 {[%clk 0:44:03]} 41. Qd6+ {[%clk 0:10:42]} Kc8 {[%clk 0:43:16]}
42. Qd7+ 1-0

[Event "DVM U10 2016"]
[Site "Magdeburg GER"]
[Date "2016.12.27"]
[Round "1"]
[White "Spehr, Neil"]
[Black "Prieb, Robert"]
[Result "0-1"]
[Termination "normal"]
[Board "3.1"]
[WhiteElo "948"]
[BlackElo "1554"]
[WhiteTeam "Schachakademie Paderborn 2"]
[BlackTeam "Schachakademie Paderborn 1"]
[PlyCount "52"]
[BlackFideId "16212002"]
[EventCountry "GER"]
[EventRounds "7"]
[EventType "team-swiss"]
[EventDate "2016.12.27"]

1. d4 Nf6 2. Bf4 g6 3. Nf3 Bg7 4. e3 d5 5. Nc3 O-O 6. Bd3 b6 7. O-O c5 8. b3
Bb7 9. Re1 Nc6 10. a3 Nh5 11. Ne2 Nxf4 12. exf4 Nxd4 13. Nexd4 cxd4 14. f5 Qc7
15. fxg6 hxg6 16. Ng5 e5 17. f3 Qe7 18. Qd2 Bh6 19. f4 e4 20. Bf1 Qc5 21. Kh1
Rac8 22. Rec1 Qc3 23. Qe2 Rc7 24. Ra2 Rfc8 25. g3 d3 26. Qd1 d2 0-1

[Event "DVM U10 2016"]
[Site "Magdeburg GER"]
[Date "2016.12.27"]
[Round "1"]
[White "Schneider, Nils"]
[Black "Schäfer, Anton"]
[Result "1-0"]
[Termination "normal"]
[Board "3.2"]
[WhiteElo "1168"]
[BlackElo "901"]
[WhiteClock "00:40:57"]
[BlackClock "00:52:06"]
[WhiteTeam "Schachakademie Paderborn 1"]
[BlackTeam "Schachakademie Paderborn 2"]
[PlyCount "39"]
[EventCountry "GER"]
[EventRounds "7"]
[EventType "team-swiss"]
[EventDate "2016.12.27"]

1. d4 {[%clk 0:59:59]} d5 {[%clk 0:59:47]} 2. Nf3 {[%clk 0:59:53]} Nf6 {[%clk
0:59:43]} 3. Bf4 {[%clk 0:59:47]} Bf5 {[%clk 0:59:39]} 4. e3 {[%clk 0:59:41]}
e6 {[%clk 0:59:34]} 5. Bd3 {[%clk 0:59:37]} Bg6 {[%clk 0:59:29]} 6. Qe2 {[%clk
0:59:30]} Bd6 {[%clk 0:59:23]} 7. Bg3 {[%clk 0:59:22]} Ne4 {[%clk 0:59:16]} 8.
Ne5 {[%clk 0:58:21]} Qe7 {[%clk 0:59:05]} 9. Nd2 {[%clk 0:57:53]} Nd7 {[%clk
0:58:40]} 10. Nxg6 {[%clk 0:57:24]} hxg6 {[%clk 0:58:26]} 11. Nxe4 {[%clk
0:55:53]} dxe4 {[%clk 0:58:11]} 12. Bxe4 {[%clk 0:55:37]} Bxg3 {[%clk 0:57:55]}
13. fxg3 {[%clk 0:54:46]} Qd6 {[%clk 0:57:28]} 14. O-O-O {[%clk 0:54:07]} f5
{[%clk 0:56:56]} 15. Bxb7 {[%clk 0:52:59]} Rb8 {[%clk 0:55:20]} 16. Qf3 {[%clk
0:49:02]} c6 {[%clk 0:54:38]} 17. Qxc6 {[%clk 0:46:56]} Qb4 {[%clk 0:54:12]}
18. c3 {[%clk 0:44:50]} Qa5 {[%clk 0:53:16]} 19. Qxe6+ {[%clk 0:42:10]} Kf8
{[%clk 0:52:06]} 20. Qxd7 {[%clk 0:40:57]} 1-0

[Event "DVM U10 2016"]
[Site "Magdeburg GER"]
[Date "2016.12.27"]
[Round "1"]
[White "Stammen, York Magnus"]
[Black "Yin, Haode"]
[Result "0-1"]
[Termination "normal"]
[Board "3.3"]
[WhiteElo "864"]
[BlackElo "1352"]
[WhiteClock "00:40:30"]
[BlackClock "00:35:25"]
[WhiteTeam "Schachakademie Paderborn 2"]
[BlackTeam "Schachakademie Paderborn 1"]
[PlyCount "93"]
[WhiteFideId "16295471"]
[BlackFideId "16261348"]
[EventCountry "GER"]
[EventRounds "7"]
[EventType "team-swiss"]
[EventDate "2016.12.27"]

1. d4 {[%clk 0:59:59]} d5 {[%clk 0:59:22]} 2. Bf4 {[%clk 0:59:49]} Nf6 {[%clk
0:59:10]} 3. Nf3 {[%clk 0:59:41]} Bf5 {[%clk 0:58:57]} 4. e3 {[%clk 0:59:31]}
e6 {[%clk 0:58:26]} 5. Bd3 {[%clk 0:59:19]} Bg6 {[%clk 0:58:19]} 6. Qe2 {[%clk
0:59:09]} Bd6 {[%clk 0:57:30]} 7. Ne5 {[%clk 0:59:00]} Qe7 {[%clk 0:56:54]} 8.
Nxg6 {[%clk 0:58:40]} hxg6 {[%clk 0:56:22]} 9. Bxd6 {[%clk 0:58:26]} Qxd6
{[%clk 0:56:06]} 10. h3 {[%clk 0:58:15]} Nbd7 {[%clk 0:55:24]} 11. Nd2 {[%clk
0:58:04]} c5 {[%clk 0:54:26]} 12. Nf3 {[%clk 0:57:41]} c4 {[%clk 0:54:15]} 13.
Bxc4 {[%clk 0:57:24]} Qb4+ {[%clk 0:53:12]} 14. Qd2 {[%clk 0:56:56]} Qxc4
{[%clk 0:52:50]} 15. b3 {[%clk 0:55:23]} Qc7 {[%clk 0:51:00]} 16. O-O {[%clk
0:55:09]} Ne4 {[%clk 0:50:49]} 17. Qd3 Qc3 {[%clk 0:50:35]} 18. Qxc3 {[%clk
0:54:15]} Nxc3 {[%clk 0:50:27]} 19. Rfe1 {[%clk 0:53:35]} Nf6 {[%clk 0:50:09]}
20. Ne5 {[%clk 0:53:06]} Nd7 {[%clk 0:46:35]} 21. Nxd7 {[%clk 0:52:13]} Kxd7
{[%clk 0:46:29]} 22. f3 {[%clk 0:51:56]} Nb5 {[%clk 0:46:12]} 23. e4 {[%clk
0:51:41]} dxe4 {[%clk 0:45:49]} 24. Rxe4 {[%clk 0:51:28]} f6 {[%clk 0:45:37]}
25. Rae1 {[%clk 0:51:05]} Rae8 {[%clk 0:42:58]} 26. Rf1 {[%clk 0:50:13]} g5
{[%clk 0:42:19]} 27. a4 {[%clk 0:49:39]} Nd6 {[%clk 0:41:51]} 28. Re2 {[%clk
0:49:20]} Nf5 {[%clk 0:41:40]} 29. Rd1 {[%clk 0:48:40]} Rh4 {[%clk 0:39:40]}
30. d5 {[%clk 0:48:11]} e5 {[%clk 0:39:10]} 31. Kh2 {[%clk 0:47:42]} Rd4 {[%clk
0:39:00]} 32. Rxd4 {[%clk 0:47:12]} Nxd4 {[%clk 0:38:48]} 33. Rd2 {[%clk
0:46:53]} Rc8 {[%clk 0:38:36]} 34. c4 {[%clk 0:46:20]} Nxb3 {[%clk 0:38:21]}
35. Rb2 {[%clk 0:44:35]} Na5 {[%clk 0:38:01]} 36. Rb5 {[%clk 0:44:03]} b6
{[%clk 0:37:50]} 37. g4 {[%clk 0:43:42]} Rxc4 {[%clk 0:37:45]} 38. Kg3 {[%clk
0:43:03]} Rxa4 {[%clk 0:37:36]} 39. h4 {[%clk 0:42:34]} Nc4 {[%clk 0:36:40]}
40. h5 {[%clk 0:42:15]} a6 {[%clk 0:36:33]} 41. Rb3 {[%clk 0:41:59]} Kd6 {[%clk
0:36:26]} 42. Rd3 {[%clk 0:41:43]} b5 {[%clk 0:36:08]} 43. Kf2 {[%clk 0:41:24]}
b4 {[%clk 0:36:01]} 44. Ke2 {[%clk 0:41:14]} a5 {[%clk 0:35:35]} 45. Kd1 {[%clk
0:40:53]} Nb2+ {[%clk 0:35:30]} 46. Kd2 {[%clk 0:40:41]} Nxd3 {[%clk 0:35:25]}
47. Kxd3 {[%clk 0:40:30]} 0-1

[Event "DVM U10 2016"]
[Site "Magdeburg GER"]
[Date "2016.12.27"]
[Round "1"]
[White "Lox, Nils Norman"]
[Black "Werner, Rosalie"]
[Result "0-1"]
[Termination "normal"]
[Board "4.1"]
[WhiteElo "1510"]
[BlackElo "1384"]
[WhiteTeam "SC Eintracht Berlin"]
[BlackTeam "VSG 1880 Offenbach"]
[PlyCount "66"]
[WhiteFideId "16221389"]
[BlackFideId "16223748"]
[EventCountry "GER"]
[EventRounds "7"]
[EventType "team-swiss"]
[EventDate "2016.12.27"]

1. d4 d5 2. Nf3 Nc6 3. e3 a6 4. c3 Bf5 5. Bd3 Bxd3 6. Qxd3 e6 7. Nbd2 Nf6 8.
O-O Bd6 9. e4 Be7 10. e5 Nd7 11. Re1 Ncb8 12. Nf1 c5 13. Bf4 Nc6 14. a3 Qb6 15.
Re2 cxd4 16. cxd4 Rc8 17. Rc1 O-O 18. Rec2 f6 19. exf6 Bxf6 20. Bd6 Rfe8 21.
Bc5 Qc7 22. Qb3 Nxc5 23. dxc5 Bd4 24. Rd1 Bf6 25. Ng3 Na5 26. Qa4 Nc4 27. Qb3
Qxc5 28. Rdc1 b5 29. Qa2 Qf8 30. b3 Ne5 31. Nd4 Rxc2 32. Qxc2 Ng4 33. Qc6 Bxd4
0-1

[Event "DVM U10 2016"]
[Site "Magdeburg GER"]
[Date "2016.12.27"]
[Round "1"]
[White "Hentschker, Josefin"]
[Black "Raasch, Hauke"]
[Result "0-1"]
[Termination "normal"]
[Board "4.2"]
[WhiteElo "957"]
[BlackElo "1587"]
[WhiteTeam "VSG 1880 Offenbach"]
[BlackTeam "SC Eintracht Berlin"]
[PlyCount "56"]
[WhiteFideId "16255810"]
[BlackFideId "16210034"]
[EventCountry "GER"]
[EventRounds "7"]
[EventType "team-swiss"]
[EventDate "2016.12.27"]

1. e4 d5 2. exd5 Qxd5 3. Nc3 Qa5 4. d4 c6 5. Nf3 Nf6 6. Bd3 Qc7 7. Be3 Bg4 8.
h3 Bh5 9. g4 Bg6 10. Bxg6 hxg6 11. Qd2 e6 12. O-O-O Bb4 13. g5 Nd5 14. Rde1 Qa5
15. Ref1 Nxc3 16. bxc3 Bxc3 17. Qd3 Na6 18. Bd2 Nb4 19. Qc4 Bxd2+ 20. Nxd2
Nxa2+ 21. Kd1 Qd5 22. Qxd5 Nc3+ 23. Kc1 Nxd5 24. Re1 Nf4 25. Re3 Rd8 26. Nf3
Rxh3 27. Rxh3 Nxh3 28. Re2 Rd5 0-1

[Event "DVM U10 2016"]
[Site "Magdeburg GER"]
[Date "2016.12.27"]
[Round "1"]
[White "Milzow, Marvin"]
[Black "Dixon, Laura Michaela"]
[Result "0-1"]
[Termination "normal"]
[Board "4.3"]
[WhiteElo "1045"]
[BlackElo "906"]
[WhiteTeam "SC Eintracht Berlin"]
[BlackTeam "VSG 1880 Offenbach"]
[PlyCount "98"]
[WhiteFideId "16274300"]
[BlackFideId "16248708"]
[EventCountry "GER"]
[EventRounds "7"]
[EventType "team-swiss"]
[EventDate "2016.12.27"]

1. e4 e5 2. f4 exf4 3. Nf3 Bc5 4. Nc3 Nf6 5. d4 Bb4 6. Bd3 c6 7. Bxf4 d5 8. Bg5
Be7 9. e5 Ng4 10. h3 Bxg5 11. hxg4 Bxg4 12. Rxh7 Rxh7 13. Bxh7 Bh4+ 14. Kf1 Nd7
15. Qd2 Bxf3 16. gxf3 Qg5 17. Qxg5 Bxg5 18. Bd3 O-O-O 19. Bf5 Re8 20. Re1 Kc7
21. Kf2 Bh4+ 22. Kf1 Bxe1 23. Kxe1 g6 24. Bg4 Nf6 25. Bh3 Rh8 26. Bg2 Rh2 27.
Kf1 Nh7 28. f4 Rh4 29. Ne2 Nf8 30. Kf2 Ne6 31. Kg3 Rh7 32. Bh3 f5 33. c3 Rg7
34. Kf3 g5 35. Bxf5 Kd7 36. b3 Ke7 37. c4 a6 38. Bg4 gxf4 39. Bxe6 Kxe6 40.
Nxf4+ Kf5 41. cxd5 cxd5 42. Nxd5 Rd7 43. Ne3+ Kg5 44. d5 Rf7+ 45. Ke4 Rf4+ 46.
Kd3 Rf3 47. Kd4 Rf2 48. Kc5 Rxa2 49. e6 Kf6 1-0